000
00299nam a2200109 4500
999
_c
12413
_d
12413
008
190125b ||||| |||| 00| 0 eng d
245
_a
World's safest truck now in Phl.
260
_a
Philippines
_b
The Philippine Star
_c
c2018
300
_a
page C2.
650
0
_9
35032
_a
Automobiles.
942
_2
ddc
_c
PER